Statistics for Buffalo Bills All Time Leaders

Click here to take the quiz!

General Stats

  • This quiz has been taken 100 times
  • The average score is 5 of 8

Answer Stats

StatNumAnswerYears% Correct
Passing
Yards
35,467Jim Kelly1986-96
100%
Receiving
Yards
13,095Andre Reed1985-99
89%
Sacks171.0Bruce Smith1985-99
89%
Rushing
Yards
11,938Thurman Thomas1988-99
86%
Field Goals
Made
234Steve Christie1992-00
34%
Total Points1,011Steve Christie1992-00
34%
Solo Tackles1,095Darryl Talley1983-94
33%
Interceptions40Butch Byrd1964-70
20%

Score Distribution

Percentile by Number Answered

Percent of People with Each Score

Your Score History

You have not taken this quiz